[Event "Mozhaisk"]
[Site "Mozhaisk"]
[Date "2007.09.08"]
[Round "3"]
[White "Lavrov, Nikolay"]
[Black "Fatianova, Tatiana"]
[Result "0-1"]
[WhiteElo "2228"]
[BlackElo "2253"]
[PlyCount "152"]
[EventDate "2007.09.07"]
[EventType "tourn"]
[EventRounds "11"]
[EventCountry "RUS"]
[EventCategory "2"]
[SourceTitle "EXT 2009"]
[Source "ChessBase"]
[SourceDate "2008.11.26"]
[SourceVersion "1"]
[SourceVersionDate "2008.11.26"]
[SourceQuality "1"]

1. e4 d6 2. d4 Nf6 3. Bc4 Nbd7 4. Nc3 e5 5. Nf3 Be7 6. 0-0 0-0 7. h3 c6 8. Be3 b5 9. Bd3 a6 10. a3 Re8 11. Ne2 Bf8 12. Ng3 Bb7 13. c3 c5 14. d5 c4 15. Bc2 g6 16. Qd2 Bg7 17. Nh2 h5 18. Bh6 Nc5 19. Bxg7 Kxg7 20. Qg5 Kh7 21. Rae1 Nfd7 22. Qd2 Qh4 23. Re3 Qg5 24. Nf3 Qh6 25. h4 Re7 26. Ng5+ Kg8 27. Nh3 Nf6 28. f4 Ng4 29. Ref3 Nd7 30. Ng5 exf4 31. Rxf4 Nde5 32. Qd4 Qf8 33. Bd1 Bc8 34. Bxg4 Bxg4 35. Rf6 Qd8 36. Qe3 Rb8 37. Nh3 Qb6 38. Qxb6 Rxb6 39. Ng5 Kg7 40. R6f2 Rbb7 41. Nf3 Nd3 42. Rd2 Nc5 43. e5 dxe5 44. d6 Re8 45. Rd5 Nd3 46. Ng5 f6 47. N5e4 Rf8 48. Nc5 Nxc5 49. Rxc5 Rb6 50. Ne4 Bf5 51. Rc7+ Rf7 52. Rxf7+ Kxf7 53. d7 Bxd7 54. Rd1 Ke7 55. Nc5 Bc8 56. Rf1 f5 57. b4 cxb3 58. Nxb3 Rc6 59. Rc1 Be6 60. Nd2 Bd5 61. g3 Kf6 62. Kf2 g5 63. hxg5+ Kxg5 64. Nf1 Be4 65. Nd2 Bd5 66. Nf1 h4 67. gxh4+ Kxh4 68. Ne3 Be4 69. c4 f4 70. Nd1 bxc4 71. Nc3 Bd3 72. Kf3 Kg5 73. Re1 Kf5 74. Nd1 e4+ 75. Kf2 c3 76. Rh1 c2 0-1

[Event "Dubna op"]
[Site "Dubna"]
[Date "2007.08.10"]
[Round "12"]
[White "Mamedov, Elmin"]
[Black "Lavrov, Nikolay"]
[Result "1/2-1/2"]
[WhiteElo "1840"]
[BlackElo "2228"]
[PlyCount "67"]
[EventDate "2007.08.02"]
[EventType "swiss"]
[EventRounds "14"]
[EventCountry "RUS"]
[SourceTitle "EXT 2008"]
[Source "ChessBase"]
[SourceDate "2007.11.25"]
[SourceVersion "1"]
[SourceVersionDate "2007.11.25"]
[SourceQuality "1"]

1. e4 e5 2. Nf3 Nc6 3. Bb5 a6 4. Ba4 b5 5. Bb3 Bb7 6. c3 Nf6 7. 0-0 d6 8. Re1 Be7 9. d3 h6 10. Nbd2 0-0 11. Nf1 Re8 12. Ng3 Bf8 13. Nf5 Ne7 14. N3h4 Nxf5 15. Nxf5 c6 16. Qf3 d5 17. Qg3 Kh7 18. exd5 cxd5 19. Rxe5 Rxe5 20. Qxe5 g6 21. Nd4 Bd6 22. Qe2 Qc7 23. h3 Re8 24. Be3 Bc5 25. Qf3 Nh5 26. Bxd5 Bxd5 27. Qxd5 Ba7 28. Qf3 Bb8 29. Kf1 Ng7 30. Re1 f5 31. g3 Qf7 32. a3 Qa2 33. Re2 Qb1+ 34. Kg2 1/2-1/2

[Event "Dubna op"]
[Site "Dubna"]
[Date "2007.08.10"]
[Round "11"]
[White "Sepp, Yuri"]
[Black "Lavrov, Nikolay"]
[Result "1-0"]
[WhiteElo "1997"]
[BlackElo "2228"]
[PlyCount "105"]
[EventDate "2007.08.02"]
[EventType "swiss"]
[EventRounds "14"]
[EventCountry "RUS"]
[SourceTitle "EXT 2008"]
[Source "ChessBase"]
[SourceDate "2007.11.25"]
[SourceVersion "1"]
[SourceVersionDate "2007.11.25"]
[SourceQuality "1"]

1. e4 e5 2. Nf3 Nc6 3. Bc4 Nf6 4. d3 Bc5 5. 0-0 d6 6. c3 Na5 7. Bb5+ c6 8. Ba4 b5 9. Bc2 Bb6 10. h3 h6 11. Re1 c5 12. Nbd2 0-0 13. Nf1 Nc6 14. a4 b4 15. Ne3 Be6 16. Nc4 bxc3 17. bxc3 Bxc4 18. dxc4 Ba5 19. Qd3 Qc7 20. Rd1 Rfd8 21. Nh4 Ne7 22. Qg3 Kh7 23. Rb1 Rab8 24. Rxb8 Rxb8 25. Qd3 Rd8 26. f4 Qc6 27. g4 Ng6 28. Nxg6 fxg6 29. g5 Nh5 30. gxh6 exf4 31. hxg7 Kxg7 32. Qf3 Rf8 33. Rd5 Bd8 34. Qd3 Rf6 35. e5 Rf5 36. exd6 Qd7 37. Rxf5 Qxf5 38. Qxf5 gxf5 39. Bxf5 Kf6 40. Bg4 Ng3 41. Bxf4 Ne4 42. h4 Kg6 43. h5+ Kf7 44. h6 Bf6 45. Be3 Bxc3 46. d7 Bf6 47. Bf3 Ng5 48. Bd5+ Kg6 49. Bxc5 Kxh6 50. Bxa7 Bd8 51. c5 Nh3+ 52. Kh2 Nf4 53. Bb6 1-0

[Event "Dubna op"]
[Site "Dubna"]
[Date "2007.08.08"]
[Round "8"]
[White "Lavrov, Nikolay"]
[Black "Voronkov, Denis"]
[Result "0-1"]
[WhiteElo "2228"]
[BlackElo "1986"]
[PlyCount "62"]
[EventDate "2007.08.02"]
[EventType "swiss"]
[EventRounds "14"]
[EventCountry "RUS"]
[SourceTitle "EXT 2008"]
[Source "ChessBase"]
[SourceDate "2007.11.25"]
[SourceVersion "1"]
[SourceVersionDate "2007.11.25"]
[SourceQuality "1"]

1. e4 e6 2. Nf3 d5 3. exd5 exd5 4. d4 Bd6 5. Bd3 Nf6 6. h3 h6 7. 0-0 0-0 8. b3 Re8 9. c4 c6 10. c5 Bc7 11. b4 Ne4 12. a4 Nd7 13. Qc2 Qf6 14. Nbd2 Qg6 15. Bb2 Ndf6 16. Ne5 Bxe5 17. dxe5 Bxh3 18. g3 Bxf1 19. Kxf1 Ng4 20. Nxe4 dxe4 21. Bxe4 Qg5 22. Re1 Rad8 23. Bc3 Qh5 24. b5 Nxe5 25. Kg2 Nc4 26. Bxg7 Kxg7 27. Qxc4 Qe5 28. f4 Rd2+ 29. Kf3 Qd4 30. Qxd4+ Rxd4 31. bxc6 bxc6 0-1

[Event "Dubna op"]
[Site "Dubna"]
[Date "2007.08.07"]
[Round "7"]
[White "Grigoryeva, Olga A"]
[Black "Lavrov, Nikolay"]
[Result "0-1"]
[WhiteElo "1892"]
[BlackElo "2228"]
[PlyCount "90"]
[EventDate "2007.08.02"]
[EventType "swiss"]
[EventRounds "14"]
[EventCountry "RUS"]
[SourceTitle "EXT 2008"]
[Source "ChessBase"]
[SourceDate "2007.11.25"]
[SourceVersion "1"]
[SourceVersionDate "2007.11.25"]
[SourceQuality "1"]

1. d4 Nf6 2. c4 e5 3. dxe5 Ng4 4. e3 Nxe5 5. Nh3 Nbc6 6. Nf4 d6 7. Nc3 g6 8. b3 Bg7 9. Bb2 0-0 10. Qd2 a6 11. Be2 Bg4 12. 0-0 Be6 13. Rfd1 Qh4 14. Rac1 Ng4 15. Bxg4 Bxg4 16. Re1 Ne5 17. Nfe2 Rae8 18. Ng3 g5 19. Nd5 Nf3+ 20. gxf3 Bxf3 21. e4 Qh3 22. Ne3 Be5 23. Bxe5 Rxe5 24. Qd3 Rfe8 25. Qf1 Qd7 26. Nd5 Qd8 27. Rc3 g4 28. Ree3 c6 29. Nb4 Qa5 30. Nc2 Qxa2 31. Nd4 Bxe4 32. Nxe4 Rxe4 33. Rxe4 Rxe4 34. Rc2 Qa5 35. Qd3 Qa1+ 36. Kg2 Qxd4 37. Qxd4 Rxd4 38. Rc3 Kg7 39. Re3 b5 40. cxb5 cxb5 41. Rg3 h5 42. h3 f5 43. hxg4 hxg4 44. Rc3 a5 45. Kg3 b4 0-1